Estudio dirigido; métodos y técnicas de investigación. tomo 2 /
Guardado en:
| Autor Principal: | |
|---|---|
| Formato: | Libro |
| Publicado: |
Argentina :
Kapelusz,
1982
|
| Series: | Cuadernos Pedagógicos, 19
|
| Materias: | |
| Etiquetas: |
Agregar Etiqueta
Sin Etiquetas, Sea el primero en etiquetar este registro!
|
| LEADER | 00623nam a22002055a 4500 | ||
|---|---|---|---|
| 001 | CEM.cems003534 | ||
| 005 | 19000101000000.0 | ||
| 008 | 130507s1982##################000#0#####d | ||
| 003 | CEMS | ||
| 082 | 0 | 4 | |a 371.36 |
| 100 | 1 | |a Juárez, Elena M Echegaray De | |
| 245 | 1 | 0 | |a Estudio dirigido; métodos y técnicas de investigación. tomo 2 / |
| 260 | |a Argentina : |b Kapelusz, |c 1982 | ||
| 300 | |a 47 p. | ||
| 490 | 0 | |a Cuadernos Pedagógicos, 19 | |
| 653 | |a Educacion | ||
| 653 | |a Estudio dirigido | ||
| 653 | |a Pedagogia y ciencia | ||
| 653 | |a Tecnicas de estudio | ||
| 859 | |a CEMS |b BIB. CEMS - 11 de abril |h 371.36 |i J871-1 |p 6788.79 |t Ej.1 | ||
